Combined earthquake protection and vibration isolation of structures (Record no. 45734)

MARC details
000 -LEADER
fixed length control field 00322nam a2200121Ia 4500
100 ## - MAIN ENTRY--AUTHOR NAME
Personal name Derham CJ
245 #0 - TITLE STATEMENT
Title Combined earthquake protection and vibration isolation of structures
260 ## - PUBLICATION, DISTRIBUTION, ETC. (IMPRINT)
Name of publisher NR Technology
Year of publication 1985
300 ## - PHYSICAL DESCRIPTION
Number of Pages 11-Mar
700 ## - ADDED ENTRY--PERSONAL NAME
Personal name Kelly JM
942 ## - ADDED ENTRY ELEMENTS (KOHA)
Koha item type Reprints
Holdings
Withdrawn status Lost status Damaged status Not for loan Home library Current library Date acquired Serial Enumeration / chronology Koha item type
      Reprints RRII Library RRII Library 22/12/2021 Volume 16, Issue Pt 1 Reprints